00931 a2200181 45000010006000000050017000060080041000230030015000640400040000790800022001192450061001410200018002022640033002203000024002535050292002771000027005698560153005961607520260407155454.0260407a2002 arg spa dAR-UNSa-BCEJYS aAR-UNSa-BCEJYSbspacAR-UNSa-BCEJYS a657xContabilidad10aNormas contables profesionales de la FACPCE, el CPCECABA a950-527-807-1 1aBuenos Aires :bLa Leyc2002 axlv, 459 p.c25 cm. a1. Cuestiones generales - 2. El marco conceptual - 3. Normas generales - 4. Reconocimiento y medición contable en general - 5. Reconocimiento y medición contable en particular - 6. Métodos contables - 7. Contenido y forma de los estados contables - 8. Normas contables transitorias1 aFowler Newton, Enrique41uhttps://biblioeco.unsa.edu.ar/pmb/images/libros/Normas contables profesionales de la FACPCE y del CPCECABA-l86589.jpgyImagen de portadaqimage/jpeg